000 00446cam a2200169ua 4500
020 _c55.00
041 _aeng
_h
082 _a519.51
_bRAO/AD
100 _aRadhakrishnarao, C .
245 _aAdvanced statistical methods in biometric research /
_cC Radhakrishnarao.
_hTextual Documents
260 _aLondon :
_bJohn Wiley & Sons ,
_c1952.
300 _a390 ; .
365 _a55.00
504 _a
942 _cBK
999 _c9863
_d9863